000 00842cam a2200217 c 4500
005 20260203095553.0
008 250721s2005 jo gr 000 0 ara d
082 1 4 _a371.27
_bف ت ل
100 1 _aالفتلاوي، سهيلة محسن كاظم
_eمؤلف.
245 1 0 _aتعديل السلوك في التدريس /
_cالدكتورة سهيلة محسن كاظم الفتلاوي.
250 _aالطبعة الاولى.
264 3 1 _aعمان :
_bدار الشروق للنشر و التوزيع،
_c2005.
300 _a595 صفحة.
490 1 _aسلسلة طرائف التدريس ؛
_vالرقم 5.
650 1 7 _aالتدريس.
650 1 7 _aعلم النفس التربوي.
650 1 7 _aالتدريس.
830 0 _aسلسلة طرائف التدريس.
942 _2ddc
_cBK
999 _c95021
_d95021